एक विषमता के विरूद्ध लड़ा सेनानी दुजा स्वतंत्रता का अमर बलिदानी (Record no. 1234897)
[ view plain ]
| 000 -LEADER | |
|---|---|
| fixed length control field | 00907nam a2200217Ia 4500 |
| 005 - DATE AND TIME OF LATEST TRANSACTION | |
| control field | 20250108124853.0 |
| 008 - FIXED-LENGTH DATA ELEMENTS--GENERAL INFORMATION | |
| fixed length control field | 008 250107s9999 xx 000 0 hin d |
| 037 ## - SOURCE OF ACQUISITION | |
| Stock number | TB |
| 040 ## - CATALOGING SOURCE | |
| Original cataloging agency | CRL |
| Language of cataloging | hin |
| Transcribing agency | CRL |
| 041 ## - LANGUAGE CODE | |
| Language code of text/sound track or separate title | hin |
| Source of code | hin |
| 084 ## - COLON CLASSIFICATION NUMBER | |
| Classification number | R65,6:g 152R2 |
| 084 ## - COLON CLASSIFICATION NUMBER | |
| Assigning agency | CRL |
| 100 ## - MAIN ENTRY--PERSONAL NAME | |
| Personal name | काम्बूसैनी, कर्ण सिंह, ले. |
| 9 (RLIN) | 729991 |
| 245 #0 - TITLE STATEMENT | |
| Title | एक विषमता के विरूद्ध लड़ा सेनानी दुजा स्वतंत्रता का अमर बलिदानी |
| Statement of responsibility, etc. | काम्बूसैनी, कर्ण सिंह, ले. |
| 260 ## - PUBLICATION, DISTRIBUTION, ETC. | |
| Place of publication, distribution, etc. | रूडकी, भारत |
| Name of publisher, distributor, etc. | प्रीति प्रिंटिग प्रैस |
| Date of publication, distribution, etc. | 2509 |
| 300 ## - PHYSICAL DESCRIPTION | |
| Extent | 116पृ0 |
| 365 ## - TRADE PRICE | |
| Price type code | INR |
| Price amount | 200 |
| 650 ## - SUBJECT ADDED ENTRY--TOPICAL TERM | |
| Topical term or geographic name entry element | समाजशास्त्र |
| 942 ## - ADDED ENTRY ELEMENTS (KOHA) | |
| Koha item type | Textbook |
| Classification part | R65,6:g 152R2 |
| Withdrawn status | Lost status | Damaged status | Not for loan | Home library | Current library | Date acquired | Source of acquisition | Cost, normal purchase price | Total Checkouts | Full call number | Barcode | Date last seen | Price effective from | Koha item type |
|---|---|---|---|---|---|---|---|---|---|---|---|---|---|---|
| Central Library | Central Library | 2025-01-08 | Gift, 17/09/2023, | 200.00 | YZwM27 152P9 | CL1698493 | 2025-01-08 | 2025-01-08 | Textbook |
